1076 1999 1307 1895 1061 1098 1798 1819 1569 1377 1985 1572 1531 1556 1004 1061 1011 1206 1939 1947 1565 1413 1227 1671 1024 1541 1903 1958 1159 1941 1614 1245 1061 1945 1552 1000 1936 1480 1646 1960 1198 1678 1614 1535 1148 1937 1477 1387 1633 1539 1222 1301 1952 1321 1932 1267 1783 1230 1580 1169 1240 1489 1288 1256 1208 1105 1333 1588 1188 1883 1190 1249 1094 1369 1244 1401 1646 1202 1767 1855 1254 1405 1367 1873 1904 1675 1905 1067 1403 1673 1976 1132 1964 1555 1794 1706 1369 1636 1104 BCNSPRNW ULIB Ver.6.0+V

เปลี่ยนเป็นภาษาไทย

Change to English
 แสดงรายละเอียดบรรณานุกรม
  กลับหน้าหลัก

Brief Record : Get Marc (ISO 2709) : E-mail record : QR code < ปิดหน้าต่าง
LEADER : 00000nam 2200000uu 4500
001    13399123433
003     ULIB
008    020711s150 th a 000 0 tha d
020    9786162790690
060    WY156^bน578
100    นิตยา อังานิชเจริญ
245    การพยาบาลผู้ป่วยโรคเนื้องอกต่อมใต้สมอง/^cนิตยา อังานิชเจริญ,ทัศนีย์ อินทรสมใจ,ศิริลักษณ์ สุทธิชูไพบูลย์
250    พิมพ์ครั้งที่ 2
260    กรุงเทพฯ :^bพี.เอ.ลีฟวิ่ง,^c150
300    103 หน้า;^b21 ซม.
650    เนื้องอกต่อมใต้สมอง^xการพยาบาล
700    ทัศนีย์ อินทรสมใจ
700    ศิริลักษณ์ สุทธิชูไพบูลย์
945    ^p150^l0^i20598
945    ^p150^l0^i20599
945    ^p150^l0^i20600
945    ^p150^l0^i20601
945    ^p150^l0^i20602
รายการนี้ยังไม่มีแท็ก
คุณยังไม่ได้ล็อกอิน คุณสามารถมีกิจกรรมร่วมกับเว็บไซต์ได้ แต่ต้องล็อกอินก่อน ::
  ล็อกอิน

รายการสื่อสารสนเทศ

ลำดับที่ ประเภท เลขเรียก/บาร์โค้ด สถานที่ สถานะ
1. Book การพยาบาล
Book การพยาบาล
สถานะ=หนังสือเก่า
WY156 น578 ฉ.1 
  Barcode: 20598
ห้องสมุดวิทยาเขตนครสวรรค์
►ส่วนจัดเก็บหนังสือเก่า นว.
บนชั้น
  ขอยืม
2. Book การพยาบาล
Book การพยาบาล
สถานะ=หนังสือเก่า
WY156 น578 ฉ.2 
  Barcode: 20599
ห้องสมุดวิทยาเขตนครสวรรค์
►ส่วนจัดเก็บหนังสือเก่า นว.
บนชั้น
  ขอยืม
3. Book การพยาบาล
Book การพยาบาล
สถานะ=หนังสือเก่า
WY156 น578 ฉ.3 
  Barcode: 20600
ห้องสมุดวิทยาเขตนครสวรรค์
►ส่วนจัดเก็บหนังสือเก่า นว.
บนชั้น
  ขอยืม
4. Book การพยาบาล
Book การพยาบาล
สถานะ=หนังสือเก่า
WY156 น578 ฉ.4 
  Barcode: 20601
ห้องสมุดวิทยาเขตนครสวรรค์
►ส่วนจัดเก็บหนังสือเก่า นว.
บนชั้น
  ขอยืม
5. Book การพยาบาล
Book การพยาบาล
สถานะ=หนังสือเก่า
WY156 น578 ฉ.5 
  Barcode: 20602
ห้องสมุดวิทยาเขตนครสวรรค์
►ส่วนจัดเก็บหนังสือเก่า นว.
บนชั้น
  ขอยืม

รายการใกล้เคียง
    ผู้แต่ง [นิตยา อังานิชเจริญ]

BibComment


ยังไม่เคยถูกคอมเมนท์

คอมเมนท์ทรัพยากรรายการนี้
  คอมเมนท์: การพยาบาลผู้ป่วยโ..


 Copyright 2026. Bcnsprnw @Library